ბათუმის შოთა რუსთაველის სახელმწიფო უნივერსიტეტის ბიბლიოთეკა

ვერცხლის აბლაბუდა (ბიბ.ჩანაწერი № 49050)

000 -LEADER
fixed length control field 01001nam a2200229Ia 4500
001 - CONTROL NUMBER
control field 15956
003 - CONTROL NUMBER IDENTIFIER
control field GE_BSU
005 - DATE AND TIME OF LATEST TRANSACTION
control field 20230724175349.0
008 - FIXED-LENGTH DATA ELEMENTS--GENERAL INFORMATION
fixed length control field 181216s||||||||xx |||||||||||||| ||und||
040 ## - CATALOGING SOURCE
Transcribing agency GE_BSU
080 ## - UNIVERSAL DECIMAL CLASSIFICATION NUMBER
Universal Decimal Classification number 821.353.1-32 + 910(492) + 910(493)
100 ## - MAIN ENTRY--PERSONAL NAME
Personal name ჯაფარიძე, რევაზ
9 (RLIN) 19522
245 ## - TITLE STATEMENT
Title ვერცხლის აბლაბუდა
245 ## - TITLE STATEMENT
Remainder of title მოთხრობები.აგრეთვე ჰოლანდიასა და ბელგიაში მოგზაურობის შთაბეჭდილებები
260 ## - PUBLICATION, DISTRIBUTION, ETC.
Place of publication, distribution, etc. თბილისი
260 ## - PUBLICATION, DISTRIBUTION, ETC.
Name of publisher, distributor, etc. საბჭოთა საქართველო
260 ## - PUBLICATION, DISTRIBUTION, ETC.
Date of publication, distribution, etc. 1971
300 ## - PHYSICAL DESCRIPTION
Extent 449გვ. ; 22სმ.
653 ## - INDEX TERM--UNCONTROLLED
Uncontrolled term ვერცხლის აბლაბუდა
653 ## - INDEX TERM--UNCONTROLLED
Uncontrolled term ჰოლანდიასა და ბელგიაში მოგზაურობის შთაბეჭდილებები
942 ## - ADDED ENTRY ELEMENTS (KOHA)
Koha item type წიგნი
Source of classification or shelving scheme
ეგზემპლარები
Withdrawn status Lost status Damaged status Not for loan Date acquired Barcode Date last seen Price effective from Koha item type
        2018-12-17 39632 2018-12-17 2018-12-17 წიგნი
        2018-12-17 39633 2018-12-17 2018-12-17 წიგნი